| 000 | 00573nam a2200157Ia 4500 | ||
|---|---|---|---|
| 008 | 100122s9999 xx 000 0 und d | ||
| 082 |
_b56528 _a658.8 |
||
| 100 | _aघाटपांडे महेश | ||
| 245 | _aमार्केटिंग : एक आव्हान | ||
| 260 |
_bआमोद प्रकाशन _c1999 |
||
| 300 | _a112 | ||
| 630 | _aमार्केटिंग : एक आव्हान | ||
| 700 | _aठाकूर योगेंद्र | ||
| 730 | _aमार्केटिंग : एक आव्हान | ||
| 942 | _cBOOK | ||
| 999 |
_c432937 _d432934 |
||